Wird geladen...
M K Gandhi: selected writings /
| Weitere Verfasser: | |
|---|---|
| Format: | Printed Book |
| Sprache: | English |
| Veröffentlicht: |
New Delhi :
Sagar pub,
1970.
|
| Schlagworte: |
| LEADER | 00503nam a2200145Ia 4500 | ||
|---|---|---|---|
| 008 | 150624b xxu||||| |||| 00| 0 eng d | ||
| 082 | |a 320.55G | ||
| 245 | |a M K Gandhi: |b selected writings / | ||
| 260 | |a New Delhi : |b Sagar pub, |c 1970. | ||
| 300 | |a 396 p. | ||
| 650 | |x Mahathma Gandhi. | ||
| 700 | |a Ahluwalia, B. K. |e editor. | ||
| 942 | |c BK | ||
| 999 | |c 34360 |d 34360 | ||
| 952 | |0 0 |1 0 |4 0 |6 320_000000000000000_55G_AHL_M |7 0 |9 34359 |a UL |b UL |c ST1 |d 1998-08-28 |l 2 |m 1 |o 320.55G AHL/M |p 47175 |r 2018-01-18 |s 2017-11-23 |w 2012-10-27 |y BK | ||